<?xml version="1.0" encoding="UTF-8"?><collection xmlns="info:lc/xmlns/marcxchange-v2"><record format="Unimarc" type="bibliographic"><leader>00659nam  2200181   450 </leader><controlfield tag="001">2209627</controlfield><controlfield tag="003">http://id.bnportugal.gov.pt/bib/porbase/2209627</controlfield><datafield ind1=" " ind2=" " tag="010"><subfield code="a">0-87584-560-6</subfield></datafield><datafield ind1=" " ind2=" " tag="035"><subfield code="a">ISCAC_164.iso/21-09-2009/6515</subfield></datafield><datafield ind1=" " ind2=" " tag="100"><subfield code="a">19990512d1996    k  y0pory0103    ba</subfield></datafield><datafield ind1="0" ind2=" " tag="101"><subfield code="a">eng</subfield></datafield><datafield ind1=" " ind2=" " tag="102"><subfield code="a">US</subfield></datafield><datafield ind1="1" ind2=" " tag="200"><subfield code="a">Derivatives</subfield><subfield code="e">&lt;a &gt;comprehensive resource for options, futures, interest rate swaps, and mortgage securities</subfield><subfield code="f">Fred D. Arditti</subfield></datafield><datafield ind1=" " ind2=" " tag="210"><subfield code="a">Boston</subfield><subfield code="c">Harvard Business School Press</subfield><subfield code="d">cop. 1996</subfield></datafield><datafield ind1=" " ind2=" " tag="215"><subfield code="a">393 p.</subfield><subfield code="d">24 cm</subfield></datafield><datafield ind1="2" ind2=" " tag="225"><subfield code="a">Financial management association survey and synthesis series</subfield></datafield><datafield ind1=" " ind2=" " tag="675"><subfield code="a">336.76</subfield><subfield code="v">BN</subfield><subfield code="z">por</subfield></datafield><datafield ind1=" " ind2="1" tag="700"><subfield code="a">Arditti</subfield><subfield code="b">Fred D.</subfield></datafield><datafield ind1=" " ind2="0" tag="801"><subfield code="a">PT</subfield><subfield code="b">ISCAC</subfield><subfield code="g">RPC</subfield></datafield></record></collection>